<?xml version="1.0" encoding="UTF-8"?>
<record
    xmlns:xsi="http://www.w3.org/2001/XMLSchema-instance"
    xsi:schemaLocation="http://www.loc.gov/MARC21/slim http://www.loc.gov/standards/marcxml/schema/MARC21slim.xsd"
    xmlns="http://www.loc.gov/MARC21/slim">

  <leader>00713nam a2200229 a 4500</leader>
  <controlfield tag="001">1195</controlfield>
  <controlfield tag="003">BR-CuiBMT</controlfield>
  <controlfield tag="005">20231130232340.0</controlfield>
  <controlfield tag="008">231130s2005    mtba          000 0 por d</controlfield>
  <datafield tag="020" ind1=" " ind2=" ">
    <subfield code="a">858989830</subfield>
  </datafield>
  <datafield tag="040" ind1=" " ind2=" ">
    <subfield code="a">BR-CuiBMT</subfield>
    <subfield code="c">BR-CuiBMT</subfield>
  </datafield>
  <datafield tag="080" ind1=" " ind2=" ">
    <subfield code="a">353</subfield>
    <subfield code="x">(817.2)</subfield>
    <subfield code="2">2007</subfield>
  </datafield>
  <datafield tag="090" ind1=" " ind2=" ">
    <subfield code="a">353(817.2)</subfield>
    <subfield code="b">V614d</subfield>
  </datafield>
  <datafield tag="100" ind1="1" ind2="0">
    <subfield code="a">Viana, M&#xE1;rio S&#xE9;rgio</subfield>
  </datafield>
  <datafield tag="245" ind1="1" ind2="0">
    <subfield code="a">Do modelo burocr&#xE1;tico ao gerencial :</subfield>
    <subfield code="b">o exemplo de Mato Grosso / </subfield>
    <subfield code="c">M&#xE1;rio S&#xE9;rgio Viana </subfield>
  </datafield>
  <datafield tag="260" ind1=" " ind2=" ">
    <subfield code="a">C&#xE1;ceres :</subfield>
    <subfield code="b">Unemat,</subfield>
    <subfield code="c">2005.</subfield>
  </datafield>
  <datafield tag="300" ind1=" " ind2=" ">
    <subfield code="a">140 p. :</subfield>
    <subfield code="b">il. (algumas color.) ;</subfield>
    <subfield code="c">20 cm</subfield>
  </datafield>
  <datafield tag="504" ind1=" " ind2=" ">
    <subfield code="a">Inclui bibliografia.</subfield>
  </datafield>
  <datafield tag="650" ind1=" " ind2=" ">
    <subfield code="a">Administra&#xE7;&#xE3;o p&#xFA;blica</subfield>
    <subfield code="z">Mato Grosso </subfield>
  </datafield>
  <datafield tag="650" ind1=" " ind2=" ">
    <subfield code="a">Gest&#xE3;o p&#xFA;blica </subfield>
    <subfield code="z">Mato Grosso </subfield>
  </datafield>
  <datafield tag="942" ind1=" " ind2=" ">
    <subfield code="2">udc</subfield>
    <subfield code="c">LV</subfield>
  </datafield>
  <datafield tag="952" ind1=" " ind2=" ">
    <subfield code="0">0</subfield>
    <subfield code="1">0</subfield>
    <subfield code="2">udc</subfield>
    <subfield code="4">0</subfield>
    <subfield code="7">0</subfield>
    <subfield code="a">BIBTCEMT</subfield>
    <subfield code="b">BIBTCEMT</subfield>
    <subfield code="d">2023-11-30</subfield>
    <subfield code="l">0</subfield>
    <subfield code="o">353(817.2) V614d</subfield>
    <subfield code="p">BIBTCEMT23111421</subfield>
    <subfield code="r">2023-11-30</subfield>
    <subfield code="t">Ex. 1</subfield>
    <subfield code="w">2023-11-30</subfield>
    <subfield code="y">LV</subfield>
  </datafield>
  <datafield tag="999" ind1=" " ind2=" ">
    <subfield code="c">1195</subfield>
    <subfield code="d">1195</subfield>
  </datafield>
</record>
